| 000 | 01486nam0a2200373 4500 | ||
|---|---|---|---|
| 001 | RU\NLR\BIBL_A\022396171 | ||
| 005 | 20250219153600.0 | ||
| 010 |
_a978-5-4484-4968-0 _91800 |
||
| 021 |
_aRU _bКН-П-24-063802 _9КН-П-24-6338 |
||
| 035 | _a(NLR Aleph) 022396171 | ||
| 090 |
_a13333083 _c13333083 |
||
| 100 | _a20241129d2024 u y0rusy50 ca | ||
| 101 | 0 | _arus | |
| 102 | _aRU | ||
| 105 | _aac z 000yy | ||
| 181 | 0 |
_ai3 _baxxe |
|
| 182 | 0 | _an | |
| 200 | 1 |
_aСто великих загадок российских городов _fВ. Н. Ерёмин |
|
| 203 |
_aТекст _bвизуальный _cнепосредственный |
||
| 210 |
_aМосква _cВече _d2024 |
||
| 215 |
_a383 с. _cил., портр. _d22 |
||
| 225 | 1 | _a100 великих | |
| 300 | _aЗагл. обл.: 100 великих загадок российских загадок | ||
| 300 | _aНа обл. авт. не указан | ||
| 320 | _aБиблиогр. в подстроч. примеч. | ||
| 333 | _a12+ | ||
| 512 | 1 | _a100 великих загадок российских загадок | |
| 606 | 1 |
_aГорода _jПопулярные издания _yРоссия _91454521 _3RU\NLR\AUTH\66306772 |
|
| 686 | 1 | _aТ3(2)0-22я9 | |
| 700 | 1 |
_7ca _8rus _aЕрёмин _bВ. Н. _cпопуляризатор _gВиктор Николаевич _9153760 _3RU\NLR\AUTH\770153798 |
|
| 942 | _cBOOK | ||
| 980 | _aNB | ||